000 00765nam a2200253Ia 4500
003 GCL
008 140319s9999 xx 000 0 ara d
040 _aGCL /
_cGCL
082 0 4 _a372.218
_bع ت
100 1 _aعواطف ابراهيم محمد
245 1 0 _aالتربية الحسية ونشاط الطفل فى البيئة /
_cعواطف ابراهيم محمد
260 _a[S.N] :
_bمكتبة الانجلوالمصرية ،
_c1993
300 _a178 ص
490 _a
650 0 4 _aالتربية
650 0 4 _aالاطفال
650 0 4 _aالتدريس
650 0 4 _aالشعور
650 0 4 _aالوجدان
650 0 4 _aالترابط الحسى
650 0 4 _aالاحساس
650 0 4 _aالادراك الحسى
942 _2ddc
_cBK
999 _c31631
_d31631